00770 2200277 4500001002100000005001700021008004100038035002400079090001500103100002100118245010000139250001100239260003100250300001900281500004000300650002200340700002000362700002100382850001500403980001100418985000600429986001200435999001500447999001500462999001500477YOGYA-0209000001342120090227022322.0 ind  0010-020900000013421 a297bGha M aAL-GHAZALI, Imam aMencari hakekat kebenarancImam Al-Ghazali ; penerjemah, Salim bazemool ; editor, Agung Wahyana aCet. 1 aSolobPustaka Mantiqc1993 a167 hlmc18 cm aJudul asli : Al-qistaasul mustaqiim aIslam - Kebenaran aBazemool, Salim a6aWahyana, Agung aYOPDYOG(B) a300605 a3 adwrtrev a98P0117565 a98P0117566 a98P0117567